Biblioteca

Jung / Anthony Storr ; Lluís Pujadas, Traductor (Registro nro. 32321)

Detalles MARC
000 -LÍDER
Campo fijo de descripción fija 008360000a22002170004500
020 ## - NÚMERO INTERNACIONAL NORMALIZADO PARA LIBROS
Número Internacional Normalizado del libro 84-253-0314-1
041 0# - CÓDIGO DE IDIOMA
Código de idioma para texto/pista de sonido o título separado
082 04 - NÚMERO DE CLASIFICACIÓN DECIMAL DEWEY
Número de clasificación G 150 S886j
001 - NÚMERO DE CONTROL
Campo de control 917
100 1# - ASIENTO PRINCIPAL--NOMBRE PERSONAL
Nombre personal Storr, Anthony
245 10 - TÍTULO
Título del Material Jung / Anthony Storr ; Lluís Pujadas, Traductor
260 ## - PUBLICACIÓN, DISTRIBUCIÓN, ETC. (PIE DE IMPRENTA)
Lugar de publicación, distribución, etc. Barcelona, España : Grijalbo
300 ## - DESCRIPCIÓN FÍSICA
Extensión 176 Pag.
336 ## - CONTENT TYPE
Content type term texto
Content type code txt
Source rdacontent
337 ## - MEDIA TYPE
Source rdamedia
Media type term sin mediación
Media type code n
338 ## - CARRIER TYPE
Source rdacarrier
Carrier type term volumen
Carrier type code nc
500 ## - NOTA GENERAL
Nota General Título original : Jung
505 00 - NOTA DE CONTENIDO
Nota de contenido con formato preestablecido trasfondo personal -- la obra de Jung en sus comienzos -- los arquetipos y el inconsciente colectivo -- los tipos psicológicos y la psique auto reguladora -- el proceso de individuación -- el concepto de sí mismo -- la contribución de Jung a la psicoterapia
650 14 - ASIENTO SECUNDARIO DE MATERIA - TERMINO TEMÁTICO
Término temático o nombre geográfico como elemento de entrada JUNG, CARLOS G., 1875-1961 \ PSICOANALISIS
942 ## - TIPO DE MATERIAL (KOHA)
Tipo de Item KOHA Libros General
Existencias
Estado de Material Estado de Perdido Estado de Dañado No para Préstamo Colección Tomo Biblioteca de Origen Biblioteca Permanente Fecha de Adquisición Total de Préstamos Signatura Topográfica Código de Barras Última vez visto Ejemplar/Existencia Fecha de Remplazo Tipo de Material
        Colección General   Biblioteca FUSBC Biblioteca FUSBC 28/09/2004   G 150 S886j 304 12/12/2019 1 26/01/2016 Libros General

Biblioteca FUSBC | Teléfono: (57+4) 349 88 10 Ext. 141| WhatsApp (+57) 3005338115 
E-mail: biblioteca@unisbc.edu.co | Calle 76 87-14 Robledo Palenque, Medellín, Colombia

Con tecnología Koha